000
00315nam a2200109Ia 4500
008
200626s9999 xx 000 0 und d
020
_a
0-9623729-3-5
100
_a
Byrn, Anne
245
_c
Anne Byrn.--
_a
The best of art culinaire:
_b
Issues 1-14:/
260
_a
New Jersey:
_b
Culinaire Inc.
_c
1999
300
_a
337 pages
999
_c
363898
_d
363898